000 00627nam a2200241 a 4500
001 0001-1291
003 ELIB.Books
008 150702 2010 eng
020 _a0891097058
035 _a(ELIB.Books)0001-1446
092 _a248.4
_bMcC
100 _aMcCarthy, Kevin W.
245 _aThe On-Purpose Person:
_bMaking Your Life Make Sense
260 _aColorado Springs
_bPinon Press
_c1992
300 _a144
_c21 cM
500 _aLibrary
650 _aChristian Life
856 _nKBTS: Library
_uKBTS: Elib
942 _2ddc
_cBK
990 _a1
998 _cbat
_e2015-07-02
999 _c11291
_d11291